[Event "SVK-chT4 A22 1516"]
[Site "Slovakia"]
[Date "2015.11.08"]
[Round "3.6"]
[White "Vlkovic, Pavol"]
[Black "Kalman, Miklos"]
[Result "1-0"]
[WhiteElo "1810"]
[BlackElo "1813"]
[PlyCount "65"]
[EventDate "2015.10.04"]
[EventType "team-tourn"]
[EventRounds "11"]
[EventCountry "SVK"]
[SourceTitle "EXT 2020"]
[Source "ChessBase"]
[SourceDate "2019.10.17"]
[SourceVersion "1"]
[SourceVersionDate "2019.10.17"]
[SourceQuality "1"]

1. e4 d5 2. exd5 Qxd5 3. Nc3 Qd8 4. d4 Nf6 5. Bc4 e6 6. a3 c6 7. Bg5 Be7 8. Nf3 h6 9. Bh4 Nbd7 10. 0-0 Nd5 11. Bxe7 Qxe7 12. Re1 a6 13. Nxd5 cxd5 14. Bxd5 0-0 15. Rc1 Qd6 16. Bb3 Rd8 17. c4 Nf6 18. h3 Kf8 19. Qe2 Re8 20. Red1 Qb6 21. Qc2 Bd7 22. Ne5 Red8 23. c5 Qc7 24. Nc4 Kg8 25. Ba2 Bc6 26. Bb1 Qf4 27. Qd2 Qh4 28. Qe3 g5 29. Ne5 Bd5 30. Nf3 Qh5 31. Nh2 Kh8 32. Qe5 Kg7 33. Ng4 1-0

[Event "SVK-chT3A2 1213"]
[Site "Slovakia"]
[Date "2013.03.24"]
[Round "11.2"]
[White "Hornak, Pavol"]
[Black "Kalman, Miklos"]
[Result "1-0"]
[WhiteElo "1753"]
[BlackElo "1822"]
[PlyCount "53"]
[EventDate "2012.10.07"]
[EventType "team-tourn"]
[EventRounds "11"]
[EventCountry "SVK"]
[SourceTitle "EXT 2015"]
[Source "ChessBase"]
[SourceDate "2014.11.20"]
[SourceVersion "1"]
[SourceVersionDate "2014.11.20"]
[SourceQuality "1"]
[WhiteTeam "Cifer"]
[BlackTeam "Potonska Veza"]
[WhiteTeamCountry "SVK"]
[BlackTeamCountry "SVK"]

1. d4 d5 2. c4 Nf6 3. Nf3 Nc6 4. cxd5 Qxd5 5. Nc3 Qd8 6. d5 Nb8 7. e4 a6 8. Bc4 b5 9. Bb3 c5 10. e5 c4 11. Bxc4 bxc4 12. exf6 exf6 13. Qa4+ Bd7 14. Qxc4 Bd6 15. 0-0 0-0 16. Bf4 Bxf4 17. Qxf4 Bc8 18. Rfd1 Nd7 19. Rac1 Re8 20. h3 Bb7 21. Nd4 Ne5 22. Nf5 g6 23. Ne3 Kg7 24. d6 Rc8 25. Ng4 Nxg4 26. d7 Nxf2 27. dxc8Q 1-0